Allgemeinwissen - Geographie #2 - Statistiken

Allgemein
  • Dieses Quiz wurde 690 mal gespielt
  • Das Durchschnittsergebnis liegt bei 9 aus 20
Antwortstatistiken
Hinweis Antwort % Korrekt
Welcher ist der größte Fluss der Welt nach Wasservolumen? Amazonas
89%
Welche Stadt ist berühmt für ihre Gondeln? Venedig
87%
Welches Land hat den Kiwi als Nationalvogel? Neuseeland
79%
Welches ist das kleinste Land nach Fläche und Bevölkerung? Vatikanstadt
79%
Welches ist das flächenmäßig größte Land in Afrika? Algerien
73%
Welches Land ist vollständig von Südafrika umgeben? Lesotho
67%
Welche spanische autonome Region hat Barcelona als Hauptstadt? Katalonien
63%
Welches salzige Binnenmeer liegt 430,5 Meter unter dem Meeresspiegel? Totes Meer
59%
Welche Stadt ist in ihrer Landessprache als Wien bekannt? Wien
53%
Welches Gebäude wird häufig für königliche britische Hochzeiten, Krönungen und Beerdigungen genutzt? Westminster Abbey
38%
Welches Kronbesitz liegt etwa auf halber Strecke zwischen Irland und Großbritannien? Isle of Man
35%
Welche ist die größte russische Stadt am Pazifischen Ozean? Wladiwostok
34%
Welcher Berg ist der höchste in den Vereinigten Staaten? Denali
28%
Welcher Inselnorden ist als Ulster bekannt? Irland
27%
Wie heißt die nationale Fluggesellschaft Australiens? Qantas
24%
Welches Land liegt nur 10 Kilometer vom französischen Territorium St. Pierre und Miquelon entfernt? Kanada
17%
Wie heißt die Inselkette vor der südlichen Spitze Floridas? Florida Keys
16%
Welche nationale Hauptstadt kann als "Roter Held" übersetzt werden? Ulaanbaatar
13%
Welche Stadt wurde 1847 von Brigham Young gegründet? Salt Lake City
6%
Welche ist die größte Insel Kanadas? Baffininsel
5%
Keine übereinstimmenden Quizze gefunden
Verteilung der Resultate
Anzahl Personen mit jedem Resultat
Perzentil nach korrekt beantworteten Fragen
Ihre Resultats-Entwicklung
Sie haben dieses Quiz noch nicht gespielt